The Valuer and Land Economist (Record no. 119005)

MARC details
000 -LEADER
fixed length control field 00664cas a22002175a 4500
001 - CONTROL NUMBER
control field L138627
008 - FIXED-LENGTH DATA ELEMENTS--GENERAL INFORMATION
fixed length control field 070627d19921998au qr p 0 a0eng u
022 1# - INTERNATIONAL STANDARD SERIAL NUMBER
International Standard Serial Number 1325-8672
035 ## - SYSTEM CONTROL NUMBER
System control number (Sirsi) u138627
041 0# - LANGUAGE CODE
Language code of text/sound track or separate title eng
110 2# - MAIN ENTRY--CORPORATE NAME
Corporate name or jurisdiction name as entry element Australian Institute of Valuers and Land Economists
9 (RLIN) 3003
245 04 - TITLE STATEMENT
Title The Valuer and Land Economist
260 ## - PUBLICATION, DISTRIBUTION, ETC.
Place of publication, distribution, etc. Deakin
Name of publisher, distributor, etc. Australian Institute of Valuers and Land Economists
Date of publication, distribution, etc. 1992-1998
362 0# - DATES OF PUBLICATION AND/OR SEQUENTIAL DESIGNATION
Dates of publication and/or sequential designation 32 1992-35(2) May 1998
554 ## -
-- Four per year
651 #4 - SUBJECT ADDED ENTRY--GEOGRAPHIC NAME
Geographic name Australia
690 ## - LOCAL SUBJECT ADDED ENTRY--TOPICAL TERM (OCLC, RLIN)
Topical term or geographic name as entry element PROPERTY-PROPERTY APPRAISAL AND VALUATION
780 00 - PRECEDING ENTRY
Title Valuer
785 00 - SUCCEEDING ENTRY
Title Australian Property Journal
International Standard Serial Number 1441-4929
942 ## - ADDED ENTRY ELEMENTS (KOHA)
Suppress in OPAC 0
Holdings
Withdrawn status Lost status Source of classification or shelving scheme Damaged status Not for loan Home library Current library Shelving location Date acquired Total Checkouts Full call number Barcode Date last seen Price effective from Koha item type
    Dewey Decimal Classification     London London Basement 27/06/2007   AUSTRALIAN PROPERTY JOURNAL 138627-1001 06/08/2019 06/08/2019 Journal